[Event "Scarborough CC Howard Ridout Swiss"]
[Site "Toronto CAN"]
[Date "2007.10.04"]
[Round "4"]
[White "Paterson, Jim"]
[Black "Moysoski, Randy"]
[Result "0-1"]
[WhiteElo "1883"]
[BlackElo "1914"]
[PlyCount "128"]
[GameId "2160767910579148"]
[EventDate "2007.09.13"]
[EventType "swiss"]
[EventRounds "7"]
[EventCountry "CAN"]
[SourceTitle "EXT 2022"]
[Source "ChessBase"]
[SourceDate "2021.10.06"]
[SourceVersion "1"]
[SourceVersionDate "2021.10.06"]
[SourceQuality "1"]

1. e4 d5 2. exd5 Nf6 3. Nc3 Nxd5 4. Bc4 Nb6 5. Bb3 Nc6 6. d3 Bf5 7. Nge2 e6 8. Bf4 a6 9. a3 Be7 10. O-O O-O 11. Qd2 Bf6 12. Be3 Qe7 13. Rab1 Rad8 14. Ng3 Bg6 15. Nce4 Nd7 16. Nxf6+ Nxf6 17. Ne2 Ne5 18. Bg5 Rd7 19. Qf4 Nc6 20. Rfe1 h6 21. Bxf6 Qxf6 22. Qxf6 gxf6 23. Nf4 Kg7 24. Bxe6 fxe6 25. Nxe6+ Kf7 26. Nxf8 Kxf8 27. Re3 Nd4 28. Rc1 Kf7 29. Kf1 Nf5 30. Rh3 h5 31. Ke1 c5 32. b3 b5 33. c3 Nh6 34. Rd1 Ng4 35. b4 Ne5 36. bxc5 Bxd3 37. Rxh5 Re7 38. Kd2 Bg6 39. Rh4 Rc7 40. a4 Nc4+ 41. Kc1 Rxc5 42. axb5 axb5 43. Rd7+ Ke6 44. Rhd4 Be8 45. Rd8 Bc6 46. g4 Ne5 47. R4d6+ Ke7 48. Kd2 Nd7 49. R6xd7+ Bxd7 50. Rg8 Be6 51. Rg7+ Kf8 52. Rb7 Bxg4 53. Kd3 Rh5 54. f4 Rxh2 55. Rb6 Kf7 56. Kd4 Be2 57. f5 Kg7 58. Rb7+ Kh6 59. Ke3 Bc4 60. Kf4 Rf2+ 61. Ke4 Rd2 62. Rb8 Rd3 63. Rh8+ Kg7 64. Rh5 Rxc3 0-1

[Event "Scarborough CC Howard Ridout Swiss"]
[Site "Toronto CAN"]
[Date "2007.10.04"]
[Round "4"]
[White "Sherman, Joshua"]
[Black "Rutherdale, William"]
[Result "1-0"]
[WhiteElo "1705"]
[BlackElo "1892"]
[PlyCount "46"]
[GameId "2160767910579149"]
[EventDate "2007.09.13"]
[EventType "swiss"]
[EventRounds "7"]
[EventCountry "CAN"]
[SourceTitle "EXT 2022"]
[Source "ChessBase"]
[SourceDate "2021.10.06"]
[SourceVersion "1"]
[SourceVersionDate "2021.10.06"]
[SourceQuality "1"]

1. e4 g6 2. d4 d6 3. Bc4 Nf6 4. Qe2 Nc6 5. Nf3 Bg4 6. c3 Qd7 7. h3 Bxf3 8. Qxf3 Bg7 9. Be3 a6 10. a4 e6 11. Nd2 O-O 12. O-O Rae8 13. Bg5 Qd8 14. e5 dxe5 15. Ne4 exd4 16. Nxf6+ Bxf6 17. Bxf6 Qd6 18. cxd4 Nxd4 19. Qxb7 e5 20. Bg5 Rb8 21. Qxa6 Rb6 22. Qa5 Rb4 23. Rfc1 Rxb2 1-0

[Event "Scarborough CC Howard Ridout Swiss"]
[Site "Toronto CAN"]
[Date "2007.10.04"]
[Round "4"]
[White "Stein, Mickey"]
[Black "Manalo, Pepin"]
[Result "1/2-1/2"]
[WhiteElo "1961"]
[BlackElo "1777"]
[PlyCount "63"]
[GameId "2160767910579150"]
[EventDate "2007.09.13"]
[EventType "swiss"]
[EventRounds "7"]
[EventCountry "CAN"]
[SourceTitle "EXT 2022"]
[Source "ChessBase"]
[SourceDate "2021.10.06"]
[SourceVersion "1"]
[SourceVersionDate "2021.10.06"]
[SourceQuality "1"]

1. e4 e6 2. d4 d5 3. Nc3 Bb4 4. e5 c5 5. Bd2 cxd4 6. Nb5 Bc5 7. Qg4 Kf8 8. Nf3 Nc6 9. Bd3 a6 10. Nbxd4 Bxd4 11. Nxd4 Nxe5 12. Qe2 Nxd3+ 13. Qxd3 Ne7 14. f4 Qb6 15. O-O-O Bd7 16. g4 Rc8 17. Rhe1 Nc6 18. Nxc6 Qxc6 19. Bc3 Qa4 20. f5 Qf4+ 21. Kb1 Bb5 22. Qd4 Qxd4 23. Bxd4 Bd7 24. fxe6 fxe6 25. Rf1+ Ke8 26. Bxg7 Rg8 27. Bd4 a5 28. Rf4 Rf8 29. Rdf1 Rxf4 30. Rxf4 Ke7 31. g5 Kd6 32. Rf7 1/2-1/2

[Event "Scarborough CC Howard Ridout Swiss"]
[Site "Toronto CAN"]
[Date "2007.10.04"]
[Round "4"]
[White "Tursman, Richard"]
[Black "Xia, Linda"]
[Result "1-0"]
[WhiteElo "1544"]
[BlackElo "1323"]
[PlyCount "105"]
[GameId "2160767910579151"]
[EventDate "2007.09.13"]
[EventType "swiss"]
[EventRounds "7"]
[EventCountry "CAN"]
[SourceTitle "EXT 2022"]
[Source "ChessBase"]
[SourceDate "2021.10.06"]
[SourceVersion "1"]
[SourceVersionDate "2021.10.06"]
[SourceQuality "1"]

1. e4 e5 2. Nc3 Nf6 3. g3 Nc6 4. Bg2 d6 5. Nge2 Be6 6. d3 Be7 7. O-O O-O 8. f4 exf4 9. Bxf4 h6 10. Qd2 d5 11. e5 Nh5 12. d4 Nxf4 13. Nxf4 Bg5 14. Nce2 Ne7 15. Nxe6 Bxd2 16. Nxd8 Raxd8 17. Rf3 c6 18. c3 Ng6 19. h4 h5 20. Rf5 Ne7 21. Rf2 Be3 22. Raf1 Bxf2+ 23. Rxf2 g6 24. Bh3 b6 25. e6 f5 26. Nf4 Rfe8 27. Bf1 Kg7 28. Bd3 Rf8 29. Rc2 c5 30. dxc5 bxc5 31. Bb5 Rd6 32. Bd7 Kf6 33. Rd2 d4 34. cxd4 Rxd4 35. Rxd4 cxd4 36. Kf2 Rb8 37. Nd3 Nd5 38. a3 Ne3 39. Ke2 Nc4 40. Nb4 Ke7 41. Nc6+ Kf8 42. Nxb8 Nxb2 43. Nc6 d3+ 44. Kd2 a6 45. e7+ Kg7 46. e8=Q Nc4+ 47. Kxd3 g5 48. Kxc4 gxh4 49. gxh4 f4 50. Ne5 Kf6 51. Qe6+ Kg7 52. Qf7+ Kh8 53. Ng6# 1-0

[Event "Scarborough CC Howard Ridout Swiss"]
[Site "Toronto CAN"]
[Date "2007.10.04"]
[Round "4"]
[White "Wu, Aaron"]
[Black "London, John"]
[Result "0-1"]
[WhiteElo "1702"]
[BlackElo "1826"]
[PlyCount "100"]
[GameId "2160767910579152"]
[EventDate "2007.09.13"]
[EventType "swiss"]
[EventRounds "7"]
[EventCountry "CAN"]
[SourceTitle "EXT 2022"]
[Source "ChessBase"]
[SourceDate "2021.10.06"]
[SourceVersion "1"]
[SourceVersionDate "2021.10.06"]
[SourceQuality "1"]

1. e4 c6 2. d4 d5 3. e5 e6 4. Nd2 c5 5. c3 Nc6 6. Ndf3 Qb6 7. Bd3 cxd4 8. cxd4 Bb4+ 9. Bd2 Bd7 10. Ne2 f6 11. O-O Nge7 12. a3 Bxd2 13. Qxd2 fxe5 14. Nxe5 Nxe5 15. dxe5 O-O 16. Ng3 Bb5 17. Bxb5 Qxb5 18. Qg5 Ng6 19. b4 d4 20. Qg4 Qxe5 21. Rae1 Qd5 22. Qxe6+ Qxe6 23. Rxe6 Rfd8 24. Nf5 d3 25. g3 Rac8 26. Rxg6 hxg6 27. Ne7+ Kf7 28. Nxc8 Rxc8 29. Rd1 Rc3 30. a4 Ke6 31. f4 Kd5 32. Kf2 Kd4 33. Rd2 Rc1 34. Kf3 Kc3 35. Rxd3+ Kxd3 36. Kg4 Rc6 37. b5 Rf6 38. h4 Kc4 39. Kf3 Kb4 40. g4 Kxa4 41. g5 Rd6 42. Kg4 Kxb5 43. h5 gxh5+ 44. Kxh5 a5 45. f5 a4 46. Kg4 a3 47. Kf4 a2 48. Ke5 Kc5 49. f6 gxf6+ 50. gxf6 a1=Q+ 0-1

[Event "Scarborough CC Howard Ridout Swiss"]
[Site "Toronto CAN"]
[Date "2007.10.04"]
[Round "4"]
[White "Yuan, Yuanling"]
[Black "Deiseach, Donald"]
[Result "1-0"]
[WhiteElo "2169"]
[BlackElo "1906"]
[PlyCount "79"]
[GameId "2160767910579153"]
[EventDate "2007.09.13"]
[EventType "swiss"]
[EventRounds "7"]
[EventCountry "CAN"]
[SourceTitle "EXT 2022"]
[Source "ChessBase"]
[SourceDate "2021.10.06"]
[SourceVersion "1"]
[SourceVersionDate "2021.10.06"]
[SourceQuality "1"]

1. e4 c5 2. Nf3 Nc6 3. d4 cxd4 4. Nxd4 Nf6 5. Nc3 g6 6. Be3 d6 7. f3 Bg7 8. Qd2 O-O 9. Bc4 a6 10. O-O-O Bd7 11. h4 Na5 12. Bb3 b5 13. Bh6 Nxb3+ 14. Nxb3 a5 15. h5 Bxh6 16. Qxh6 Kh8 17. hxg6 fxg6 18. Nd5 Rf7 19. Nxf6 exf6 20. Qxg6 Qe7 21. g4 Rg8 22. Qh6 Rg5 23. Qh2 a4 24. Nd4 Rc5 25. Kb1 b4 26. Qd2 b3 27. cxb3 axb3 28. Nxb3 Rc6 29. Nd4 Ra6 30. Qd3 Rb6 31. Qc4 Rf8 32. Rd2 Be8 33. Rdh2 Bg6 34. Nf5 Qe5 35. Qd4 Qa5 36. Ne7 Ra6 37. Nxg6+ Kg7 38. Rxh7+ Kxg6 39. R1h6+ Kg5 40. Qe3# 1-0

[Event "Scarborough CC Howard Ridout Swiss"]
[Site "Toronto CAN"]
[Date "2007.10.11"]
[Round "5"]
[White "Armstrong, Robert J"]
[Black "Stein, Mickey"]
[Result "1-0"]
[WhiteElo "1771"]
[BlackElo "1961"]
[PlyCount "121"]
[GameId "2160767910579154"]
[EventDate "2007.09.13"]
[EventType "swiss"]
[EventRounds "7"]
[EventCountry "CAN"]
[SourceTitle "EXT 2022"]
[Source "ChessBase"]
[SourceDate "2021.10.06"]
[SourceVersion "1"]
[SourceVersionDate "2021.10.06"]
[SourceQuality "1"]

1. d4 f5 2. c4 Nf6 3. Nf3 e6 4. g3 Be7 5. Bg2 O-O 6. O-O d6 7. Nc3 Ne4 8. Qc2 Nxc3 9. Qxc3 Nc6 10. e3 Bf6 11. b4 e5 12. b5 exd4 13. exd4 Ne7 14. Re1 Ng6 15. Bb2 f4 16. Qb3 c6 17. c5+ d5 18. bxc6 bxc6 19. Ne5 Bxe5 20. dxe5 Be6 21. Rab1 Rb8 22. Qc3 Rf7 23. Ba3 Rfb7 24. Rxb7 Rxb7 25. Bc1 fxg3 26. hxg3 Rb5 27. f4 Qa5 28. Qxa5 Rxa5 29. Be3 Rxa2 30. Rb1 h5 31. Rb7 h4 32. gxh4 Nxh4 33. Bh1 Nf5 34. Bf2 Ra6 35. Rc7 Kh7 36. Bg2 Kh6 37. Bf1 Ra1 38. Rxc6 a5 39. Rxe6+ Kh5 40. Ra6 Kg4 41. Kg2 Kxf4 42. e6 Ra2 43. Kg1 g5 44. Bd3 Ra1+ 45. Kg2 Nh4+ 46. Bxh4 gxh4 47. e7 Re1 48. Ra7 Kg5 49. Bb5 h3+ 50. Kxh3 Re3+ 51. Kg2 a4 52. e8=Q Rxe8 53. Bxe8 Kf4 54. Rxa4+ Ke5 55. Kf3 d4 56. c6 Kd6 57. Rxd4+ Kc7 58. Ke4 Kc8 59. Kd5 Kc7 60. Kc5 Kc8 61. Kb6 1-0

[Event "Scarborough CC Howard Ridout Swiss"]
[Site "Toronto CAN"]
[Date "2007.10.11"]
[Round "5"]
[White "Deiseach, Donald"]
[Black "Perez, Michael"]
[Result "1/2-1/2"]
[WhiteElo "1906"]
[BlackElo "1726"]
[PlyCount "56"]
[GameId "2160767910579155"]
[EventDate "2007.09.13"]
[EventType "swiss"]
[EventRounds "7"]
[EventCountry "CAN"]
[SourceTitle "EXT 2022"]
[Source "ChessBase"]
[SourceDate "2021.10.06"]
[SourceVersion "1"]
[SourceVersionDate "2021.10.06"]
[SourceQuality "1"]

1. e4 c5 2. Nf3 d6 3. d4 cxd4 4. Nxd4 Nf6 5. Nc3 g6 6. Be2 Bg7 7. O-O Nc6 8. Be3 Bd7 9. Kh1 h5 10. f4 Ng4 11. Bg1 Rc8 12. f5 Nce5 13. Nd5 e6 14. fxe6 fxe6 15. Nf4 Qe7 16. Nb5 O-O 17. Nxd6 Nc6 18. Nb5 a6 19. Nd4 Nce5 20. c3 Bh6 21. Nh3 Nf6 22. Qc2 Rfd8 23. Rad1 Neg4 24. Nf4 Bxf4 25. Rxf4 e5 26. Qb3+ Kh7 27. Nf5 Bxf5 28. Rxd8 Qxd8 1/2-1/2

[Event "Scarborough CC Howard Ridout Swiss"]
[Site "Toronto CAN"]
[Date "2007.10.11"]
[Round "5"]
[White "Garel, Rick"]
[Black "Wu, Aaron"]
[Result "1-0"]
[WhiteElo "1989"]
[BlackElo "1702"]
[PlyCount "47"]
[GameId "2160767910579156"]
[EventDate "2007.09.13"]
[EventType "swiss"]
[EventRounds "7"]
[EventCountry "CAN"]
[SourceTitle "EXT 2022"]
[Source "ChessBase"]
[SourceDate "2021.10.06"]
[SourceVersion "1"]
[SourceVersionDate "2021.10.06"]
[SourceQuality "1"]

1. e4 e6 2. d4 d5 3. Nd2 Nf6 4. e5 Nfd7 5. Bd3 c5 6. c3 Nc6 7. Ne2 Qb6 8. Nf3 cxd4 9. cxd4 Be7 10. O-O f6 11. Nf4 Ndxe5 12. dxe5 fxe5 13. Nxe5 Nxe5 14. Qh5+ Nf7 15. Bxh7 Bd7 16. Ng6 O-O-O 17. Nxe7+ Kb8 18. Qxf7 Rxh7 19. Bf4+ Ka8 20. Rac1 Rhh8 21. Bc7 Rdf8 22. Qxf8+ Rxf8 23. Bxb6 axb6 24. Ng6 1-0

[Event "Scarborough CC Howard Ridout Swiss"]
[Site "Toronto CAN"]
[Date "2007.10.11"]
[Round "5"]
[White "Hall, John2"]
[Black "Ferreira, Alex"]
[Result "1/2-1/2"]
[WhiteElo "2126"]
[BlackElo "2025"]
[PlyCount "42"]
[GameId "2160767910579157"]
[EventDate "2007.09.13"]
[EventType "swiss"]
[EventRounds "7"]
[EventCountry "CAN"]
[SourceTitle "EXT 2022"]
[Source "ChessBase"]
[SourceDate "2021.10.06"]
[SourceVersion "1"]
[SourceVersionDate "2021.10.06"]
[SourceQuality "1"]

1. d4 d5 2. c4 e5 3. dxe5 d4 4. a3 Nc6 5. e3 Nge7 6. Nf3 Bg4 7. Be2 dxe3 8. Qxd8+ Rxd8 9. Bxe3 Ng6 10. Nbd2 Ngxe5 11. O-O-O h6 12. Rhe1 Bxf3 13. Nxf3 Rxd1+ 14. Kxd1 Kd8 15. Nxe5 Nxe5 16. f4 Nd7 17. Bf3 b6 18. Bc6 Bd6 19. g3 Re8 20. Bd4 Rxe1+ 21. Kxe1 g5 1/2-1/2

[Event "Scarborough CC Howard Ridout Swiss"]
[Site "Toronto CAN"]
[Date "2007.10.11"]
[Round "5"]
[White "London, John"]
[Black "Siddeley, Hugh"]
[Result "1-0"]
[WhiteElo "1826"]
[BlackElo "2100"]
[PlyCount "69"]
[GameId "2160767910579158"]
[EventDate "2007.09.13"]
[EventType "swiss"]
[EventRounds "7"]
[EventCountry "CAN"]
[SourceTitle "EXT 2022"]
[Source "ChessBase"]
[SourceDate "2021.10.06"]
[SourceVersion "1"]
[SourceVersionDate "2021.10.06"]
[SourceQuality "1"]

1. Nf3 g6 2. d4 Nf6 3. g3 c5 4. Bg2 Bg7 5. O-O O-O 6. c3 d6 7. Qb3 Qb6 8. dxc5 dxc5 9. Nbd2 Be6 10. Qxb6 axb6 11. Ng5 Bd5 12. Bxd5 Nxd5 13. e4 Nf6 14. Re1 Ng4 15. h3 Ne5 16. a3 Nd3 17. Re2 h6 18. Ngf3 Nc6 19. Nc4 b5 20. Nb6 Ra6 21. Nd5 e6 22. Nf4 Nxc1 23. Rxc1 Rd8 24. Kf1 Na5 25. Nd2 Rad6 26. Ke1 h5 27. b4 cxb4 28. cxb4 Rxd2 29. Rxd2 Rxd2 30. Rc8+ Kh7 31. Kxd2 Nc4+ 32. Kc2 Nxa3+ 33. Kb3 Nc4 34. Rd8 Nd2+ 35. Rxd2 1-0

[Event "Scarborough CC Howard Ridout Swiss"]
[Site "Toronto CAN"]
[Date "2007.10.11"]
[Round "5"]
[White "Moysoski, Randy"]
[Black "Sherman, Joshua"]
[Result "0-1"]
[WhiteElo "1914"]
[BlackElo "1705"]
[PlyCount "73"]
[GameId "2160767910579159"]
[EventDate "2007.09.13"]
[EventType "swiss"]
[EventRounds "7"]
[EventCountry "CAN"]
[SourceTitle "EXT 2022"]
[Source "ChessBase"]
[SourceDate "2021.10.06"]
[SourceVersion "1"]
[SourceVersionDate "2021.10.06"]
[SourceQuality "1"]

1. e4 e5 2. f4 Bc5 3. Nf3 d6 4. Bc4 Nf6 5. d3 Nc6 6. c3 Qe7 7. b4 Bb6 8. a4 a5 9. b5 Nb8 10. Na3 O-O 11. f5 d5 12. exd5 Bxf5 13. Bg5 Qc5 14. Qd2 Nxd5 15. Rf1 Nf4 16. d4 Nxg2+ 17. Qxg2 exd4 18. Nxd4 Re8+ 19. Kd2 Bg6 20. Rxf7 Bxf7 21. Bxf7+ Kxf7 22. Qf3+ Kg8 23. Bf4 Nd7 24. Qg2 Ne5 25. Bh6 Ng6 26. Bg5 Re5 27. h4 Rae8 28. Nac2 Qd5 29. Qxd5+ Rxd5 30. Kc1 h6 31. Ne3 Rd7 32. h5 Ne5 33. Bf4 Bxd4 34. cxd4 Rxd4 35. Kc2 Nc4 36. Nxc4 Rxc4+ 37. Kd3 0-1

[Event "Scarborough CC Howard Ridout Swiss"]
[Site "Toronto CAN"]
[Date "2007.10.11"]
[Round "5"]
[White "Paterson, Jim"]
[Black "Bellomo, Joe"]
[Result "1-0"]
[WhiteElo "1883"]
[BlackElo "1754"]
[PlyCount "131"]
[GameId "2160767910579160"]
[EventDate "2007.09.13"]
[EventType "swiss"]
[EventRounds "7"]
[EventCountry "CAN"]
[SourceTitle "EXT 2022"]
[Source "ChessBase"]
[SourceDate "2021.10.06"]
[SourceVersion "1"]
[SourceVersionDate "2021.10.06"]
[SourceQuality "1"]

1. e3 c5 2. d4 Nf6 3. Nf3 d5 4. Nbd2 c4 5. c3 e6 6. Ne5 Nc6 7. f4 Be7 8. Be2 O-O 9. O-O Nxe5 10. fxe5 Nd7 11. e4 Nb6 12. Bf3 f6 13. exf6 Bxf6 14. Qe2 Bg5 15. Nb1 Bxc1 16. Rxc1 Qg5 17. Nd2 Na4 18. b3 Nb6 19. bxc4 Nxc4 20. Nxc4 dxc4 21. e5 Rb8 22. a4 b6 23. Rf1 Ba6 24. Bc6 Rbd8 25. Bb5 Rxf1+ 26. Rxf1 Bxb5 27. axb5 Rc8 28. Ra1 Qe7 29. Ra4 Qc7 30. Qa2 Qd7 31. Rxc4 Rf8 32. Rc6 Re8 33. Qc4 Re7 34. Rc8+ Re8 35. Rc7 Qd8 36. Rxa7 Qg5 37. Ra1 Qe3+ 38. Kh1 h5 39. Qc6 Rf8 40. Qxe6+ Kh8 41. Qh3 Qe2 42. g4 Qxb5 43. Qxh5+ Kg8 44. Qh3 Qe2 45. Qg2 Qc4 46. Qa2 Rf1+ 47. Kg2 Qxa2+ 48. Rxa2 Rc1 49. Ra3 Kf7 50. d5 Rd1 51. Ra7+ Kg6 52. Rd7 b5 53. h4 Rd3 54. Rd6+ Kf7 55. h5 Rxc3 56. Rd7+ Kf8 57. e6 Re3 58. Rf7+ Kg8 59. Rb7 Re4 60. Kf3 Re1 61. g5 Kf8 62. h6 gxh6 63. gxh6 Rh1 64. h7 b4 65. h8=Q+ Rxh8 66. Rb8+ 1-0

[Event "Scarborough CC Howard Ridout Swiss"]
[Site "Toronto CAN"]
[Date "2007.10.11"]
[Round "5"]
[White "Rutherdale, William"]
[Black "Muir, Tom"]
[Result "1/2-1/2"]
[WhiteElo "1892"]
[BlackElo "1712"]
[PlyCount "134"]
[GameId "2160767910579161"]
[EventDate "2007.09.13"]
[EventType "swiss"]
[EventRounds "7"]
[EventCountry "CAN"]
[SourceTitle "EXT 2022"]
[Source "ChessBase"]
[SourceDate "2021.10.06"]
[SourceVersion "1"]
[SourceVersionDate "2021.10.06"]
[SourceQuality "1"]

1. d4 Nf6 2. c4 e6 3. Nc3 Bb4 4. Bd2 O-O 5. e3 b6 6. Bd3 Bb7 7. Nf3 d5 8. cxd5 Bxc3 9. Bxc3 Bxd5 10. O-O Nbd7 11. Qe2 Ne4 12. a3 c5 13. Rac1 Rc8 14. Rfd1 c4 15. Bb1 b5 16. Bb4 Re8 17. Nd2 a5 18. Bxa5 Qxa5 19. Nxe4 Qb6 20. Qc2 f5 21. Nc3 g6 22. Nxd5 exd5 23. b3 Qa6 24. a4 bxa4 25. bxa4 Nb6 26. g3 Qxa4 27. Qc3 Rb8 28. Bc2 Qc6 29. Ra1 Ra8 30. Qb4 Rxa1 31. Rxa1 Ra8 32. Rxa8+ Nxa8 33. Ba4 Qb6 34. Qe7 Qb1+ 35. Kg2 Qe4+ 36. Qxe4 fxe4 37. f3 Nb6 38. Bc2 c3 39. fxe4 Nc4 40. Kf2 dxe4 41. Bxe4 Na3 42. Ke2 Kf8 43. Bd3 Ke7 44. e4 Kd6 45. Kd1 Ke6 46. Kc1 Kd6 47. Bc2 Nb5 48. d5 Nd4 49. Bd3 Ke5 50. Bb1 Kd6 51. Bd3 Ke5 52. Kd1 h5 53. h3 g5 54. Ke1 h4 55. gxh4 gxh4 56. Kf2 c2 57. Bxc2 Nxc2 58. Kf3 Nb4 59. Kg4 Kxe4 60. d6 Nc6 61. d7 Nd8 62. Kxh4 Kf4 63. Kh5 Kf5 64. Kh6 Kf6 65. h4 Nf7+ 66. Kh7 Nd8 67. Kg8 Kg6 1/2-1/2

[Event "Scarborough CC Howard Ridout Swiss"]
[Site "Toronto CAN"]
[Date "2007.10.11"]
[Round "5"]
[White "Villalobos, Oscar"]
[Black "Douglas, Richard"]
[Result "1-0"]
[WhiteElo "1760"]
[BlackElo "1734"]
[PlyCount "59"]
[GameId "2160767910579162"]
[EventDate "2007.09.13"]
[EventType "swiss"]
[EventRounds "7"]
[EventCountry "CAN"]
[SourceTitle "EXT 2022"]
[Source "ChessBase"]
[SourceDate "2021.10.06"]
[SourceVersion "1"]
[SourceVersionDate "2021.10.06"]
[SourceQuality "1"]

1. e4 Nf6 2. e5 Nd5 3. d4 d6 4. exd6 exd6 5. c4 Nb6 6. Nc3 Nc6 7. Be3 Be7 8. Bd3 O-O 9. b3 Re8 10. Nge2 Bg4 11. O-O Bf6 12. Qb1 g6 13. Be4 Bxe2 14. Nxe2 Qe7 15. Bxc6 bxc6 16. Qd3 Rad8 17. Rae1 c5 18. Ng3 Bxd4 19. Bxd4 Qxe1 20. Rxe1 Rxe1+ 21. Nf1 cxd4 22. Qxd4 Rde8 23. g3 R1e4 24. Qc3 c5 25. Ne3 f5 26. a4 f4 27. Ng4 Re1+ 28. Kg2 R8e7 29. Nh6+ Kf8 30. Qh8# 1-0

[Event "Scarborough CC Howard Ridout Swiss"]
[Site "Toronto CAN"]
[Date "2007.10.18"]
[Round "6"]
[White "Fan, Yibing"]
[Black "Deiseach, Donald"]
[Result "0-1"]
[WhiteElo "1865"]
[BlackElo "1906"]
[PlyCount "86"]
[GameId "2160767910579163"]
[EventDate "2007.09.13"]
[EventType "swiss"]
[EventRounds "7"]
[EventCountry "CAN"]
[SourceTitle "EXT 2022"]
[Source "ChessBase"]
[SourceDate "2021.10.06"]
[SourceVersion "1"]
[SourceVersionDate "2021.10.06"]
[SourceQuality "1"]

1. d4 d5 2. c4 c6 3. Nc3 Nf6 4. Nf3 Bf5 5. e3 e6 6. Bd2 Nbd7 7. Nh4 Bd6 8. Nxf5 exf5 9. Qf3 Ne4 10. Qxf5 Nxd2 11. Kxd2 Nf6 12. c5 Bc7 13. a3 O-O 14. Bd3 Re8 15. g4 Qe7 16. g5 Ne4+ 17. Nxe4 dxe4 18. Bc4 Rad8 19. Kc3 b6 20. b4 a5 21. g6 hxg6 22. Qxg6 Kf8 23. Qxc6 bxc5 24. bxc5 Rc8 25. Qd5 Qf6 26. Raf1 a4 27. f4 Ba5+ 28. Kc2 Rcd8 29. Qg5 Rxd4 30. exd4 Qxd4 31. Qd5 Qc3+ 32. Kd1 Rd8 33. Qxd8+ Bxd8 34. Ba6 e3 35. Ke2 Qa5 36. Bb7 Qd2+ 37. Kf3 e2 38. Re1 Qd3+ 39. Kf2 Bh4+ 40. Kg2 Qd2 41. Rxe2 Qxe2+ 42. Kh3 Be1 43. c6 Qf3# 0-1

[Event "Scarborough CC Howard Ridout Swiss"]
[Site "Toronto CAN"]
[Date "2007.10.18"]
[Round "6"]
[White "Hall, John2"]
[Black "Lamb, Bryan"]
[Result "0-1"]
[WhiteElo "2126"]
[BlackElo "2207"]
[PlyCount "100"]
[GameId "2160767910579164"]
[EventDate "2007.09.13"]
[EventType "swiss"]
[EventRounds "7"]
[EventCountry "CAN"]
[SourceTitle "EXT 2022"]
[Source "ChessBase"]
[SourceDate "2021.10.06"]
[SourceVersion "1"]
[SourceVersionDate "2021.10.06"]
[SourceQuality "1"]

1. b3 d6 2. Bb2 Nd7 3. g3 Ngf6 4. Bg2 g6 5. Nf3 e5 6. d3 Bg7 7. O-O O-O 8. c4 c6 9. Nc3 Qe7 10. Nd2 Ne8 11. b4 Nc7 12. b5 c5 13. Nd5 Nxd5 14. Bxd5 Nb6 15. Bg2 Be6 16. a4 Rad8 17. a5 Nc8 18. Qb3 Qd7 19. Ne4 Bh3 20. Nc3 Bxg2 21. Kxg2 Ne7 22. e4 f5 23. f3 h5 24. h3 g5 25. Qc2 Ng6 26. Nd5 Rf7 27. Qe2 Rdf8 28. Rae1 g4 29. fxg4 f4 30. gxh5 Nh4+ 31. gxh4 f3+ 32. Rxf3 Rxf3 33. Qxf3 Rxf3 34. Kxf3 Qxh3+ 35. Kf2 Qh2+ 36. Kf3 Qxb2 37. Rg1 Qd2 38. Ne3 Kf7 39. Rg5 Bh6 40. Rf5+ Kg7 41. Ng4 Qd1+ 42. Kg3 Bf4+ 43. Rxf4 Qg1+ 44. Kf3 Qf1+ 45. Nf2 exf4 46. a6 bxa6 47. bxa6 Qa1 48. Kxf4 Qxa6 49. Ng4 Qc8 50. Kg5 Qd8+ 0-1

[Event "Scarborough CC Howard Ridout Swiss"]
[Site "Toronto CAN"]
[Date "2007.10.18"]
[Round "6"]
[White "Manalo, Pepin"]
[Black "Ferreira, Alex"]
[Result "0-1"]
[WhiteElo "1777"]
[BlackElo "2025"]
[PlyCount "148"]
[GameId "2160767910579165"]
[EventDate "2007.09.13"]
[EventType "swiss"]
[EventRounds "7"]
[EventCountry "CAN"]
[SourceTitle "EXT 2022"]
[Source "ChessBase"]
[SourceDate "2021.10.06"]
[SourceVersion "1"]
[SourceVersionDate "2021.10.06"]
[SourceQuality "1"]

1. e4 d5 2. exd5 Nf6 3. c4 c6 4. Nc3 cxd5 5. cxd5 g6 6. Bb5+ Bd7 7. Bc4 Bg7 8. Qb3 Qb6 9. Qxb6 axb6 10. Nf3 Na6 11. O-O O-O 12. Re1 Rfe8 13. a3 Nc7 14. d4 b5 15. Ba2 b4 16. axb4 Ncxd5 17. Nxd5 Nxd5 18. Bd2 e6 19. Bc4 b5 20. Bd3 Bf8 21. Ne5 Rxa1 22. Rxa1 Rd8 23. Ra7 Be8 24. Rb7 f6 25. Nf3 Bc6 26. Ra7 Nxb4 27. Be2 g5 28. Bc3 Rd7 29. Ra5 Rb7 30. Ra8 Nd5 31. Bd2 Kg7 32. g4 Bd6 33. Ra6 Ne7 34. Nxg5 fxg5 35. Bxg5 Rc7 36. h4 Nc8 37. Bd8 Rd7 38. Rxc6 Rxd8 39. Bxb5 Na7 40. Rb6 Nxb5 41. Rxb5 Be7 42. Rb7 Kf7 43. Kg2 Rxd4 44. Kf3 h6 45. Kg3 e5 46. f3 Ke6 47. Rb6+ Bd6 48. Kh3 Rd2 49. g5 h5 50. b4 Kf5 51. Rb5 Rd3 52. Kg2 Rd4 53. Kh3 Rxb4 54. Rd5 Rd4 55. Rb5 Rf4 56. Rb3 Ra4 57. Rb6 Ke6 58. Rb3 Ra3 59. Rb7 Rxf3+ 60. Kg2 Rf7 61. Rb6 Rf4 62. Kg3 Rd4 63. Rb7 Rd3+ 64. Kf2 Rh3 65. g6 Rxh4 66. g7 Rg4 67. Kf3 e4+ 68. Ke3 h4 69. Ke2 h3 70. Rb3 h2 71. Rh3 Rxg7 72. Kf2 Be5 73. Rh6+ Kd5 74. Ke2 Rg1 0-1

[Event "Scarborough CC Howard Ridout Swiss"]
[Site "Toronto CAN"]
[Date "2007.10.18"]
[Round "6"]
[White "Muir, Tom"]
[Black "Bellomo, Joe"]
[Result "1/2-1/2"]
[WhiteElo "1712"]
[BlackElo "1759"]
[PlyCount "151"]
[GameId "2160767910579167"]
[EventDate "2007.09.13"]
[EventType "swiss"]
[EventRounds "7"]
[EventCountry "CAN"]
[SourceTitle "EXT 2022"]
[Source "ChessBase"]
[SourceDate "2021.10.06"]
[SourceVersion "1"]
[SourceVersionDate "2021.10.06"]
[SourceQuality "1"]

1. d4 d5 2. c4 e6 3. Nc3 Nf6 4. cxd5 exd5 5. Bg5 Be7 6. e3 O-O 7. Bd3 h6 8. Bh4 Nbd7 9. Nge2 c6 10. O-O Re8 11. Rc1 Nb6 12. f3 Bd6 13. Bf2 Qc7 14. g3 Qe7 15. e4 dxe4 16. fxe4 Ng4 17. e5 Bb4 18. a3 Bxc3 19. Nxc3 Nxf2 20. Rxf2 Be6 21. b4 Nd5 22. Nxd5 Bxd5 23. Bc4 Rad8 24. Qb3 Qd7 25. Rf4 g5 26. Rf6 Bxc4 27. Qxc4 Qxd4+ 28. Qxd4 Rxd4 29. Re1 Kg7 30. Kf1 Rd3 31. Rd6 Rxa3 32. e6 fxe6 33. Rexe6 Rxe6 34. Rxe6 Rf3+ 35. Kg2 Rf7 36. Re8 Kg6 37. Rg8+ Rg7 38. Rf8 h5 39. h3 a6 40. g4 hxg4 41. hxg4 Rf7 42. Rb8 Rf4 43. Rxb7 Rxg4+ 44. Kf3 Rc4 45. Rb6 Kf5 46. Rxa6 Rxb4 47. Rxc6 g4+ 48. Kg3 Rb3+ 49. Kg2 Kf4 50. Rc4+ Kg5 51. Rc5+ Kh4 52. Rf5 Rb2+ 53. Kg1 Kg3 54. Rf1 Kh3 55. Kh1 g3 56. Kg1 Rb3 57. Re1 g2 58. Rd1 Kg3 59. Re1 Kf3 60. Rd1 Ke2 61. Ra1 Kf3 62. Rc1 Re3 63. Rd1 Ke2 64. Ra1 Kf3 65. Rd1 Kg3 66. Ra1 Rb3 67. Re1 Rb2 68. Rd1 Kf3 69. Re1 Rb4 70. Rc1 Rg4 71. Ra1 Rg5 72. Ra3+ Ke4 73. Ra2 Kf3 74. Ra3+ Kf4 75. Ra2 Kg3 76. Rxg2+ 1/2-1/2